Score 0/32 Timer 12:00
0 Plays Today
Season Winner % Correct
BorneoRichard Hatch
95.9%
AustraliaTina Wesson
89.2%
MicronesiaParvati Shallow
86.5%
Redemption IslandRob Mariano
86.5%
TocantinsJ.T
85.1%
SamoaNatalie White
83.8%
AfricaEthan Zohn
82.4%
CaramoanJohn Cochran
82.4%
Pearl IslandsSandra Diaz-Twine
81.1%
FijiEarl Cole
81.1%
Heroes Vs VillainsSandra Diaz-Twine
81.1%
Cook IslandsYul Kwon
79.7%
The AmazonJenna Morasca
78.4%
One WorldKim Spradlin
78.4%
PalauTom Westman
77%
ChinaTodd Herzog
77%
Season Winner % Correct
PhillippinesDenise Stapley
77%
CagayanTony Vlachos
77%
CambodiaJeremy Collins
77%
MarquesasVecepia Towery
75.7%
GabonBob Crowley
75.7%
San Juan Del SurNatalie Anderson
75.7%
GuatemalaDanni Boatwright
74.3%
Blood Vs WaterTyson Apostol
74.3%
Worlds ApartMike Holloway
74.3%
ThailandBrian Heidik
73%
Kaoh RongMichele Fitzgerald
73%
All StarsAmber Brkich
70.3%
South PacificSophie Clarke
70.3%
NicaraguaFabio Birza
67.6%
VanuatuChris Daugherty
62.2%
PanamaAras Baskauskas
54.1%
Remove Ads.
Support Sporcle.
Get the best of Sporcle when you Go Orange. This ad-free experience offers more features, more stats, and more fun while also helping to support Sporcle. Thank you for becoming a member.

You're not logged in!

Compare scores with friends on all Sporcle quizzes.
OR
Log In

Show Comments

Extras

Created Aug 2, 2016ReportNominate
Tags:season, Survivor, US Winners, Winner

Top Quizzes Today


Score Distribution

Your Account Isn't Verified!

In order to create a playlist on Sporcle, you need to verify the email address you used during registration. Go to your Sporcle Settings to finish the process.

Report this User

Report this user for behavior that violates our Community Guidelines.

Details: